| 000 | 00357 a2200157 4500 | ||
|---|---|---|---|
| 001 | 194451 | ||
| 020 | _a85-16-02102-5 | ||
| 040 | _cMagnum | ||
| 100 | _aAlencar, Chico | ||
| 240 | 1 | 0 |
_aSansão, a força bruta _lpor |
| 245 | 1 | 0 | _aSansão, a força bruta |
| 300 | _a31 | ||
| 362 | 0 | _a1998 | |
| 697 | _aLÍNGUA - LINGÜÍSTICA - LITERATURA | ||
| 942 | _cBK | ||
| 999 |
_c194451 _d194451 |
||